Musique sur licenciement - Statistiques

Statistiques générales
  • Ce quiz a été pris 6 fois
  • Le résultat moyen est 107 sur 331
Statistiques - réponses
Réponse % Correct
à
100%
a
100%
d
100%
je
100%
suis
100%
ca
75%
de
75%
des
75%
la
75%
le
75%
les
75%
me
75%
mes
75%
te
75%
tu
75%
bébé
50%
bebe
50%
car
50%
d'Auchan
50%
d'auchan
50%
donc
50%
du
50%
elle
50%
fait
50%
j't'aime
50%
licenciement
50%
ma
50%
m'a
50%
mon
50%
Musique
50%
musique
50%
pas
50%
sur
50%
Thomas
50%
thomas
50%
un
50%
virer
50%
allure
25%
appelé
25%
badant
25%
bon
25%
bonne
25%
boom
25%
bosser
25%
calisse
25%
c'est
25%
c'était
25%
couplets
25%
dans
25%
d'autres
25%
d'dans
25%
dentifrice
25%
d'essai
25%
d'hijo
25%
dis
25%
dit
25%
d'temps
25%
dure
25%
en
25%
ferai
25%
fois
25%
fric
25%
gâteau
25%
goûter
25%
j'ai
25%
jamais
25%
j'avais
25%
j'me
25%
job
25%
j'vais
25%
j'vous
25%
lisse
25%
maman
25%
m'couper
25%
même
25%
meme
25%
mener
25%
mesquin
25%
moi
25%
nourris
25%
nus
25%
obscurcis
25%
ongles
25%
paëlla
25%
par
25%
peau
25%
peine
25%
période
25%
pesant
25%
pieds
25%
plus
25%
police
25%
pont
25%
pour
25%
poursuivi
25%
puta
25%
remets
25%
sans
25%
sentiments
25%
sous
25%
suite
25%
sympa
25%
tabarnak
25%
t'étais
25%
tout
25%
trop
25%
vais
25%
vie
25%
vous
25%
vrai
25%
yep
25%
attachant
0%
attaché
0%
bavard
0%
bien
0%
bobards
0%
certains
0%
chaussures
0%
cloîtré
0%
comme
0%
confiais
0%
côté
0%
déluges
0%
d'entre
0%
direct
0%
d'Thomas
0%
excel
0%
faisais
0%
fiston
0%
gerer
0%
j'affronterai
0%
jambon
0%
j'arrivais
0%
j'aurai
0%
j'avoue
0%
j'étais
0%
j'm'étais
0%
j'mettais
0%
j'substituais
0%
j'trouvais
0%
juste
0%
l'écart
0%
l'flou
0%
l'mannequin
0%
lui
0%
l'zebra
0%
m'acheter
0%
manquant
0%
mer
0%
m'fait
0%
Morgane
0%
nature
0%
non
0%
oeufs
0%
partir
0%
pensé
0%
placard
0%
place
0%
plaisir
0%
prenait
0%
pression
0%
quand
0%
que
0%
qui
0%
qu'j'étais
0%
qu'j'me
0%
raconter
0%
remplir
0%
retrouvais
0%
surtout
0%
tableau
0%
tantinet
0%
Tepué
0%
toute
0%
trouveriez
0%
votre
0%
Yai
0%
yai
0%
Aucun quiz correspondant
Distribution des résultats
% des personnes avec chaque résultat
Percentile par nombre de réponses
Votre historique - résultats
Vous n’avez pas pris ce quiz